000
00274nam a22000977a 4500
008
230418b |||||||| |||| 00| 0 eng d
020
_a
9780340911006
100
_a
Blyton Guid
_9
7607
245
_a
The Naughtiest Girl (Well Done)-8
260
_a
London
_b
Halder Children Books
_c
2015
999
_c
12249
_d
12249